| 000 | 00000nam##2200000za#4500 |
| 001 | 9.604794 |
| 003 | CaOODSP |
| 005 | 20220901164726 |
| 007 | cr ||||||||||| |
| 008 | 150406|1999||||xxc|||||o f|0| 0 fre|d |
| 040 | |aCaOODSP|bfre |
| 043 | |an-cn--- |
| 086 | 1 |aJ3-7/1999-2F-PDF |
| 110 | 1 |aCanada.|bJustice Canada. |
| 245 | 10|aProjets multidisciplinaires en matière de justice : |h[ressource électronique]|brésumé des projets au Canada / |c[par] George Kiefl. |
| 260 | |aOttawa - Ontario : |bJustice Canada |c1999. |
| 490 | 1 |aRapport technique|vTR1999-2f |
| 590 | |a12-40-Supp|b2012-10-23 |
| 720 | 1 |aKiefl, George |
| 775 | 08|tMultidisciplinary approaches to justice : |w(CaOODSP)9.575258 |
| 830 | #0|aRapport technique ;|vTR1999-2f|w(CaOODSP)9.502068 |
| 856 | 40|ahttp://publications.gc.ca|qPDF|s544 Ko|uhttps://publications.gc.ca/collections/collection_2012/jus/J3-7-1999-2-fra.pdf|yTR1999-2f |